| 000 | 01290nam a2200313 c 4500 | ||
|---|---|---|---|
| 003 | BLK | ||
| 005 | 20250312152753.0 | ||
| 008 | 180409b bul|||||r ||||||| ||bul|| | ||
| 010 | _aKNG00122743000 | ||
| 040 | _aBLK | ||
| 041 |
_aBUL _cBUL |
||
| 080 |
_aАмериканска литература (на САЩ) _b821.111(73) _x-1 _z821.111(73)-1 |
||
| 100 | 1 |
_aГинзбърг, Алън _eпърви автор _954173 |
|
| 700 | 1 |
_aЛевчев, Владимир Любомиров _d1957- _gПоет, писател, изкуствовед. Преводач от английски и руски език _988159 |
|
| 139 |
_aГинзбърг, Алън _bГ 49 |
||
| 245 | 1 | 0 |
_aКрила над черната шахта _bСб. стихотворения _cАлън Гинзбърг; прев. от англ. Владимир Любомиров Левчев. |
| 257 | _aUSA | ||
| 260 |
_аСофия _c1983 |
||
| 300 |
_aНародна култура _c17 см |
||
| 380 | _aX | ||
| 490 | 1 | _aПоетичен глобус | |
| 500 | _a3 125 тир. | ||
| 852 | _aЦб І 20965 | ||
| 856 | 4 |
_qpdf _u |
|
| 856 | 4 |
_qpdf _u |
|
| 942 |
_cKNG _n0 |
||
| 944 |
_aCR _c16.09.2016 _k30560 _lГеновева Генчева |
||
| 944 |
_aED _c16.09.2016 _kКина_Георгиева |
||
| 999 |
_c117157 _d117157 |
||